Bordering Countries by each Flag Quiz #3 - Statistics

General Stats
  • This quiz has been taken 408 times
  • The average score is 14 of 16
Answer Stats
Picture Answer % Correct
Poland
98%
South Korea
98%
Switzerland
98%
Mexico
97%
Belgium
96%
Sweden
95%
Iraq
94%
Algeria
92%
Cambodia
91%
Jordan
91%
Angola
89%
Peru
86%
Ethiopia
84%
Papua New Guinea
83%
Haiti
77%
Togo
77%
No matching quizzes found
Score Distribution
Percent of People with Each Score
Percentile by Number Answered
Your Score History
You have not taken this quiz